000 00558nam a2200181Ia 4500
003 GCL
008 140319s9999 xx 000 0 ara d
040 _aGCL /
_cGCL
082 0 4 _a922.1
_bن ا
100 1 _aنقولا زيادة
245 1 0 _aاعلام عرب محدثون فى القرنيين الثامن عشر والتاسع عشر /
_cنقولا زيادة
300 _a215 ص
490 _a
650 0 4 _aالاسلام - تراجم
650 0 4 _aالقرن السابع عشر
650 0 4 _aالقرن الثامن عشر
942 _2ddc
_cBK
999 _c39078
_d39078